| 000 | 01002nas a2200325 4500 | ||
|---|---|---|---|
| 001 | BR2011002758 | ||
| 003 | BR-BrBNA | ||
| 005 | 20231205115509.0 | ||
| 007 | ta | ||
| 008 | 230509b bl.|||p| |||| 00| 00por d | ||
| 040 |
_aBR-BrBNA _bpor _cBiblioteca Nacional de Agricultura |
||
| 041 | _a(En) | ||
| 072 | _aQ04; U10 | ||
| 100 | 1 | _aOliveira, M.A.M. de | |
| 100 | 1 | _aMoura, M.R.L. | |
| 100 | 1 | _aGodoy, R.L. de O. | |
| 100 | 1 | _aNele, M. | |
| 100 | 1 | _aDeliza, R. | |
| 100 | 1 | _aVendramini, A.L. do A. | |
| 245 | 1 | _aDevelopment of an acai-soymilk beverage: characterization and consumer acceptance | |
| 650 | _aLEITE DE SOJA | ||
| 650 | _aAÇAÍ | ||
| 650 | _aBEBIDA NÃO ALCOÓLICA | ||
| 650 | _aVALOR NUTRITIVO | ||
| 650 | _aANÁLISE ORGANOLÉPTICA | ||
| 650 | _aMODELO MATEMÁTICO | ||
| 773 | 0 |
_tBrazilian Journal of Food Technology (Brazil) _xISSN 1519-0900 _g(Oct-Dec 2010), v. 13(4) p. 306-312 _wBR2011002758 |
|
| 909 |
_a202311 _bLúcia _c55 _dLúcia Elande |
||
| 942 |
_2AGRIS _n0 _cANA |
||
| 999 |
_c214106 _d214106 |
||